| 000 | 00575nam a22001697a 4500 | ||
|---|---|---|---|
| 003 | OSt | ||
| 005 | 20251103013041.0 | ||
| 008 | 251103b |||||||| |||| 00| 0 eng d | ||
| 020 | _a978-971-27-3664-3 | ||
| 040 |
_aDWCL - Main Lib _cOC |
||
| 082 | _aFil. 305.2 D9940 2021 | ||
| 100 | _aDy, Nelson T. | ||
| 245 |
_aOK Boomer, Tell Me Y? : _bWhen Two Generations Talk / _cNelson T. Dy and Hyacinth Tagupa |
||
| 260 |
_aMandaluyong City, Philippines ; _bAnvil Publishing, Inc., _cc2021. |
||
| 300 |
_axii , 211 pages : _billustrations ; _c18cm. |
||
| 942 |
_2ddc _cBK - FIL _mFil. _n0 |
||
| 999 |
_c5374 _d5374 |
||